000
00246 a2200097 4500
001
35762
100
_a
French T E
245
_a
The Fundamentals of Engineering Drawing & Graphic Technology
260
_a
_b
McGraw Hill
_c
090
_c
23456
_d
23456
942
_a
NUST-CAE
_c
M
_c
14954
999
_c
270835
_d
270835